00782nam a2200205 i 450000100060000000300090000600500170001500700030003200800410003510000380007624501440011426000580025830000200031649000430033665000540037965000440043370000320047783000430050985200240055245857ES-MaACL20251011063103.0t|030327s1904 sp ||||1| spa d1 aColajanni, Napoleone, d1847-192110aRazas superiores y razas inferiores o latinos y anglo-sajones / cNapoleone Colajanni ; versión y prólogo de José Buixó Monserdá. aBarcelona : b[s.n.], c1904 (fImp. Heinrich et Cª) a3 v. ; c16 cm.1 aBiblioteca sociológica internacional 4aPaíses de lenguas románicas-xCivilización. 4aPaíses anglófonos-xCivilización.1 aBuixó Monserdá, José.0 aBiblioteca sociológica internacional aES-MaACLjD-4928-30